| 000 | 00700nam a2200217 a 4500 | ||
|---|---|---|---|
| 003 | OSt | ||
| 005 | 20130924161757.0 | ||
| 008 | 130924s1985 ag ||||| |||| 00| 0 spa d | ||
| 040 | _cBiblioteca Medicina | ||
| 041 | _aspa | ||
| 082 | _bMINIST. DE SALUD 0310 | ||
| 110 |
_aMinisterio de Salud _92598 |
||
| 245 | 0 | 0 | _aArgentina: descripcion de su situacion de salud |
| 250 | _a1ยบ ed | ||
| 260 |
_aBuenos Aires _bMinisterio de Salud 0310 _c1985 |
||
| 300 | _a500 p. | ||
| 653 | _aESTADISTICAS-ARGENTINA-1985 | ||
| 653 | _aEPIDEMIOLOGIA-ARGENTINA-1985 | ||
| 942 |
_2ddc _cPH |
||
| 999 |
_c1669 _d1669 |
||
| 952 |
_40 _00 _bBFM _10 _oMINIST. DE SALUD 0310 _d2013-09-24 _tEj. 1 _8NFIC _70 _cCR _2ddc _yPH _aBFM |
||